00190nam a2200073Ia 4500008004100000100001400041245002300055260003800078190216s9999||||xx |||||||||||||| ||und|| aPaish F W 0aBenhanis Economics bThe English Language Book Society